Normal view
MARC view
Entry Topical Term
001 - CONTROL NUMBER
- control field: 13516
003 - CONTROL NUMBER IDENTIFIER
- control field: HDC
005 - DATE AND TIME OF LATEST TRANSACTION
- control field: 20230624073417.0
008 - FIXED-LENGTH DATA ELEMENTS
- fixed length control field: 210210|| aca||aabn | a|a d
040 ## - CATALOGING SOURCE
- Original cataloging agency: HDC
- Transcribing agency: HDC
150 ## - HEADING--TOPICAL TERM
- Topical term or geographic name entry element: mobile information technology
670 ## - SOURCE DATA FOUND
- Source citation: Work cat.: (HDC): Yokoyama, Kazunari author 13514, Good agricultural practice (GAP) in Asia and Oceania. Promoting The Good Agricultural Practice Movement Through Interactive And Seamless Communication Based On User Friendly Mobile Information Technology / by , 2006
